书目信息 |
| 题名: |
微机数据库图形系统FoxGraph实用指南
|
|
| 作者: | 田少卿 , 毛永平 , 刘国平 编 | |
| 分册: | ||
| 出版信息: | 北京 电子工业出版社 1993.02 |
|
| 页数: | 165页 | |
| 开本: | 26cm | |
| 丛书名: | ||
| 单 册: | ||
| 中图分类: | TP311.13 | |
| 科图分类: | ||
| 主题词: | 软件 | |
| 电子资源: | ||
| ISBN: | 7-5053-1870-5 | |
| 000 | 00748nam0 2200217 450 | |
| 001 | 0860810719 | |
| 005 | 20080303161136.87 | |
| 010 | @a7-5053-1870-5@dCNY6.90 | |
| 100 | @a20080229d1993 km y0chiy0120 ea | |
| 101 | 0 | @achi |
| 102 | @aCN@b110000 | |
| 200 | 1 | @a微机数据库图形系统FoxGraph实用指南@Awei ji shu ju ku tu xing xi tong FoxGraph shi yong zhi nan@f田少卿,毛永平,刘国平编@Ftian shao qing,mao yong ping,liu guo ping bian |
| 210 | @a北京@c电子工业出版社@d1993.02 | |
| 215 | @a165页@d26cm | |
| 606 | 0 | @a软件 |
| 690 | @aTP311.13@v4 | |
| 701 | 0 | @a田少卿@Atian shao qing@4编 |
| 701 | 0 | @a毛永平@Amao yong ping@4编 |
| 701 | 0 | @a刘国平@Aliu guo ping@4编 |
| 801 | 0 | @aCN@b大连网信软件有限公司图书馆·11@c20080303 |
| 905 | @aZUCC@dTP311.13@eT650 | |
| 微机数据库图形系统FoxGraph实用指南/田少卿,毛永平,刘国平编.-北京:电子工业出版社,1993.02 |
| 165页;26cm |
| ISBN 7-5053-1870-5:CNY6.90 |
| ● |
| 相关链接 |
|
|
|
正题名:微机数据库图形系统FoxGraph实用指南
索取号:TP311.13/T650
 
预约/预借
| 序号 | 登录号 | 条形码 | 馆藏地/架位号 | 状态 | 备注 |
| 1 | 478829 | 204788293 | 计算机与数据科学学院资料室/ [索取号:TP311.13/T650] | 在馆 |